Nem lesz második polgármester szervezik a műszaki tanácsosi állást
Elmentve itt :
| Dokumentumtípus: | Cikk |
|---|---|
| Megjelent: |
1914-01-28
|
| Sorozat: | Délmagyarország
3 No. 23 |
| Kulcsszavak: | Bokor Pál, Közgyűlés Szeged 1914 |
| Online Access: | http://dmarchiv.bibl.u-szeged.hu/59094 |
| LEADER | 00466nab a2200145 i 4500 | ||
|---|---|---|---|
| 001 | delm59094 | ||
| 005 | 20180927144648.0 | ||
| 008 | 180927s1914 hu o 0|| hun d | ||
| 040 | |a SZTE Délmagyarország Archívum |b hun | ||
| 041 | |a hun | ||
| 245 | 0 | 4 | |a Nem lesz második polgármester |h [elektronikus dokumentum] : |b szervezik a műszaki tanácsosi állást |
| 260 | |c 1914-01-28 | ||
| 300 | |a 6 | ||
| 490 | 0 | |a Délmagyarország |v 3 No. 23 | |
| 695 | |a Bokor Pál, Közgyűlés Szeged 1914 | ||